000 00588nam a2200205Ia 4500
003 GCL
008 140319s9999 xx 000 0 ara d
040 _aGCL /
_cGCL
082 0 4 _a809
_bس ر
100 1 _aاسعد حليم
245 1 0 _aالرؤيا الابداعية: مجموعة مقالات /
_cاسعد حليم
700 1 _aبلوك، هاسكل
700 1 _aسالنجر، هيرمان
300 _a270 ص
490 _aالالف كتاب
_v0
650 0 4 _aالمسرح - نقد
650 0 4 _aالادب - نقد
650 0 4 _aالشعر - نقد
942 _2ddc
_cBK
999 _c45633
_d45633